<?xml version="1.0" encoding="UTF-8"?>
<record
    xmlns:xsi="http://www.w3.org/2001/XMLSchema-instance"
    xsi:schemaLocation="http://www.loc.gov/MARC21/slim http://www.loc.gov/standards/marcxml/schema/MARC21slim.xsd"
    xmlns="http://www.loc.gov/MARC21/slim">

  <leader>01106nam a22002297  4500</leader>
  <datafield tag="999" ind1=" " ind2=" ">
    <subfield code="c">57983</subfield>
    <subfield code="d">57983</subfield>
  </datafield>
  <controlfield tag="001">RU\PGU\57483</controlfield>
  <controlfield tag="005">20210415114113.0</controlfield>
  <controlfield tag="008">210414s1963    ru ||||| |||| 00| 0 ru  d</controlfield>
  <datafield tag="041" ind1=" " ind2=" ">
    <subfield code="a">rus</subfield>
  </datafield>
  <datafield tag="080" ind1=" " ind2=" ">
    <subfield code="a">811.161.1 &#x417;-55</subfield>
  </datafield>
  <datafield tag="100" ind1="1" ind2="0">
    <subfield code="a">&#x417;&#x435;&#x43C;&#x441;&#x43A;&#x438;&#x439;, &#x410;&#x43D;&#x434;&#x440;&#x435;&#x439; &#x41C;&#x438;&#x445;&#x430;&#x439;&#x43B;&#x43E;&#x432;&#x438;&#x447;</subfield>
    <subfield code="9">11361</subfield>
  </datafield>
  <datafield tag="245" ind1="0" ind2="0">
    <subfield code="a">&#x420;&#x443;&#x441;&#x441;&#x43A;&#x438;&#x439; &#x44F;&#x437;&#x44B;&#x43A; :</subfield>
    <subfield code="b">&#x423;&#x447;&#x435;&#x431;&#x43D;&#x438;&#x43A; &#x434;&#x43B;&#x44F; &#x43F;&#x435;&#x434;&#x430;&#x433;&#x43E;&#x433;&#x438;&#x447;&#x435;&#x441;&#x43A;&#x438;&#x445; &#x443;&#x447;&#x438;&#x43B;&#x438;&#x449;. &#x427;.2. &#x421;&#x438;&#x43D;&#x442;&#x430;&#x43A;&#x441;&#x438;&#x441; /</subfield>
    <subfield code="c">&#x410;.&#x41C;.&#x417;&#x435;&#x43C;&#x441;&#x43A;&#x438;&#x439;, &#x421;.&#x415;.&#x41A;&#x440;&#x44E;&#x447;&#x43A;&#x43E;&#x432;, &#x41C;.&#x412;.&#x421;&#x432;&#x435;&#x442;&#x43B;&#x430;&#x435;&#x432;; &#x41F;&#x43E;&#x434; &#x440;&#x435;&#x434;. &#x412;.&#x412;.&#x412;&#x438;&#x43D;&#x43E;&#x433;&#x440;&#x430;&#x434;&#x43E;&#x432;&#x430;</subfield>
  </datafield>
  <datafield tag="250" ind1="0" ind2="0">
    <subfield code="a">6-&#x435; &#x438;&#x437;&#x434;.,&#x43F;&#x435;&#x440;&#x435;&#x440;&#x430;&#x431;&#x43E;&#x442;&#x430;&#x43D;&#x43D;&#x43E;&#x435;</subfield>
  </datafield>
  <datafield tag="264" ind1=" " ind2=" ">
    <subfield code="a">&#x41C;&#x43E;&#x441;&#x43A;&#x432;&#x430; :</subfield>
    <subfield code="b">&#x413;&#x43E;&#x441;&#x443;&#x434;&#x430;&#x440;&#x441;&#x442;&#x432;&#x435;&#x43D;&#x43D;&#x43E;&#x435; &#x443;&#x447;&#x435;&#x431;&#x43D;&#x43E;-&#x43F;&#x435;&#x434;&#x430;&#x433;&#x43E;&#x433;&#x438;&#x447;&#x435;&#x441;&#x43A;&#x43E;&#x435; &#x438;&#x437;&#x434;&#x430;&#x442;&#x435;&#x43B;&#x44C;&#x441;&#x442;&#x432;&#x43E; &#x41C;&#x438;&#x43D;&#x438;&#x441;&#x442;&#x435;&#x440;&#x441;&#x442;&#x432;&#x430; &#x43F;&#x440;&#x43E;&#x441;&#x432;&#x435;&#x449;&#x435;&#x43D;&#x438;&#x44F; &#x420;.&#x421;.&#x424;.&#x421;.&#x420;,</subfield>
    <subfield code="c">1963.</subfield>
  </datafield>
  <datafield tag="300" ind1="0" ind2="0">
    <subfield code="a">183 &#x441;&#x442;&#x440;.</subfield>
    <subfield code="b">22 &#x441;&#x43C;.</subfield>
  </datafield>
  <datafield tag="653" ind1=" " ind2=" ">
    <subfield code="a"> &#x420;&#x443;&#x441;&#x441;&#x43A;&#x438;&#x439; &#x44F;&#x437;&#x44B;&#x43A;</subfield>
  </datafield>
  <datafield tag="653" ind1=" " ind2=" ">
    <subfield code="a">&#x10E0;&#x10E3;&#x10E1;&#x10E3;&#x10DA;&#x10D8; &#x10D4;&#x10DC;&#x10D0;</subfield>
  </datafield>
  <datafield tag="700" ind1=" " ind2=" ">
    <subfield code="a"> &#x41A;&#x440;&#x44E;&#x447;&#x43A;&#x43E;&#x432;,  &#x421;. &#x415;.</subfield>
    <subfield code="e">&#x10D0;&#x10D5;&#x10E2;&#x10DD;&#x10E0;&#x10D8;</subfield>
    <subfield code="9">11363</subfield>
  </datafield>
  <datafield tag="700" ind1=" " ind2=" ">
    <subfield code="a"> &#x421;&#x432;&#x435;&#x442;&#x43B;&#x430;&#x435;&#x432;, &#x41C;. &#x412;.</subfield>
    <subfield code="e">&#x10D0;&#x10D5;&#x10E2;&#x10DD;&#x10E0;&#x10D8;</subfield>
    <subfield code="9">11364</subfield>
  </datafield>
  <datafield tag="852" ind1=" " ind2=" ">
    <subfield code="a">1901371X</subfield>
  </datafield>
  <datafield tag="942" ind1=" " ind2=" ">
    <subfield code="2">udc</subfield>
    <subfield code="c">BK</subfield>
  </datafield>
  <datafield tag="952" ind1=" " ind2=" ">
    <subfield code="0">0</subfield>
    <subfield code="1">0</subfield>
    <subfield code="2">udc</subfield>
    <subfield code="4">0</subfield>
    <subfield code="6">8111611_&#x417;55</subfield>
    <subfield code="7">0</subfield>
    <subfield code="9">90143</subfield>
    <subfield code="a">CPL</subfield>
    <subfield code="b">CPL</subfield>
    <subfield code="c">GEN</subfield>
    <subfield code="d">2021-04-14</subfield>
    <subfield code="g">0.00</subfield>
    <subfield code="o">811.161.1 &#x417;-55</subfield>
    <subfield code="p">29237</subfield>
    <subfield code="r">2021-04-14</subfield>
    <subfield code="t">29237</subfield>
    <subfield code="w">2021-04-14</subfield>
    <subfield code="y">BK</subfield>
    <subfield code="z">0,64 &#x10D7;.</subfield>
  </datafield>
</record>
